000 01379nam a2200277 i 4500
001 164422
003 ES-MaACL
005 20250811063203.0
008 931025s1694 sp a |||| |dspa d
100 1 _aSalazar y Castro, Luis de,
_d1658-1734
_9101831
245 1 0 _aPruebas de la Historia de la Casa de Lara
_b: sacadas de los instrumentos de diversas iglesias y monasterios, de los archivos de sus mismos descendientes, de diferentes pleytos que entre sí han seguido y de los escritores de mayor crédito y puntualidad /
_cpor don Luis de Salazar y Castro...
260 _aEn Madrid :
_ben la Imprenta Real, por Mateo de Llanos y Guzmán,
_c1694.
300 _a728 [i.e.738] p. ;
_cFol.
530 _aDisponible en formato digital.
596 _aMarca tip. en port.
597 _aSign.: A-F6, G-Z8, 2A-2Z8, 3A3, 3B6, 3C4.
597 _aLas il. xil. son sellos de los diversos documentos utilizados para elaborar la obra.
597 _aError de pag. a partir de p. 679.
600 3 4 _aLara (Familia)-
_xGenealogía.
_9169131
700 1 _aLlanos y Guzmán, Mateo de.
_9128997
710 2 _aImprenta Real (Madrid)
_9134468
752 _aEspaña -
_dMadrid
852 _aES-MaACL
_jR-2144-47
_z--Enc. pasta
_x- Olim: C-1781-84.
856 _uhttp://bdh-rd.bne.es/viewer.vm?id=0000019644&page=1
_zBiblioteca Digital Hispánica
999 _c164422
_d164422